000 00456nam a22001577a 4500
005 20260305095538.0
008 260305b |||||||| |||| 00| 0 eng d
020 _a9781603273633 (hbk)
040 _cPK-LaUMT
082 _a615.7045
_bHAN-
245 _aHandbook of drug-nutrient interactions /
_cedited by Joseph I. Boullata, Vincent T. Armenti
250 _a2nd ed.
260 _aPhiladelphia :
_bHumana Press,
_c2010
300 _a818 p.
942 _cBK
999 _c139969
_d139969